000 00345nam a2200145Ia 4500
008 230917s9999||||xx |||||||||||||| ||und||
040 _e42294
_aMAIN
041 _aEnglish
082 _a944.04 H522F
100 _aHibbert, Christopher
245 0 _aFrench revolution
260 _aLondon
_bAllen Lane
_c1980
300 _a351 p.
942 _cBK
999 _c218705
_d218705